MARC details
| 000 -CABECERA |
| campo de control de longitud fija |
00998nam a22002657a 4500 |
| 003 - IDENTIFICADOR DEL NÚMERO DE CONTROL |
| campo de control |
DO-SdBNP |
| 005 - FECHA Y HORA DE LA ÚLTIMA TRANSACCIÓN |
| campo de control |
20250122105004.0 |
| 007 - CAMPO FIJO DE DESCRIPCIÓN FÍSICA--INFORMACIÓN GENERAL |
| campo de control de longitud fija |
ta |
| 008 - DATOS DE LONGITUD FIJA--INFORMACIÓN GENERAL |
| campo de control de longitud fija |
210311b2020 dr ac||gr|||| 001 0 spa d |
| 020 ## - NÚMERO INTERNACIONAL ESTÁNDAR DEL LIBRO |
| Número Internacional Estándar del Libro |
9789945608489 |
| 040 ## - FUENTE DE LA CATALOGACIÓN |
| Centro catalogador/agencia de origen |
DO-SdBNP |
| Lengua de catalogación |
spa |
| Centro/agencia transcriptor |
BNPHU |
| 041 ## - CÓDIGO DE LENGUA |
| Código de lengua original |
spa |
| 082 #4 - NÚMERO DE LA CLASIFICACIÓN DECIMAL DEWEY |
| Número de edición |
22 |
| Número de documento/Ítem |
M672n |
| 245 00 - MENCIÓN DE TÍTULO |
| Título |
Nos otros : |
| Resto del título |
voces protagonistas de una trayectoria de filantropía y solidaridad en Puerto Rico / |
| Mención de responsabilidad, etc. |
Miranda Foundation ; Andrea Barrientos Soto ... [et. al.] ; edición, Doris E. Lugo Ramírez ; prólogo, Ángel "Chuco" Quintero Rivera |
| 260 ## - PUBLICACIÓN, DISTRIBUCIÓN, ETC. |
| Lugar de publicación, distribución, etc. |
San Juan Puerto Rico : |
| Nombre del editor, distribuidor, etc. |
Isla Negra , |
| Fecha de publicación, distribución, etc. |
2020. |
| 300 ## - DESCRIPCIÓN FÍSICA |
| Extensión |
215 p. : |
| Otras características físicas |
il., retrato ; |
| Dimensiones |
21 cm. |
| 490 1# - MENCIÓN DE SERIE |
| Mención de serie |
Visiones y Cegueras |
| 590 ## - NOTA LOCAL (RLIN) |
| Nota local |
Inventariado, 2021/MF |
| 700 1# - PUNTO DE ACCESO ADICIONAL--NOMBRE DE PERSONA |
| Nombre de persona |
Barrientos Soto , Andrea |
| Término indicativo de función/relación |
ed. |
| 9 (RLIN) |
86905 |
| 700 1# - PUNTO DE ACCESO ADICIONAL--NOMBRE DE PERSONA |
| Nombre de persona |
Lugo Ramírez, Doris E. |
| Fechas asociadas al nombre |
1965- |
| Término indicativo de función/relación |
edición |
| 9 (RLIN) |
86902 |
| 700 1# - PUNTO DE ACCESO ADICIONAL--NOMBRE DE PERSONA |
| Nombre de persona |
Quintero Rivera, Ángel "Chuco" |
| Término indicativo de función/relación |
prólogo |
| 9 (RLIN) |
86907 |
| 830 #0 - PUNTO DE ACCESO ADICIONAL DE SERIE-TÍTULO UNIFORME |
| Título uniforme |
Visión y Ceguera |
| 9 (RLIN) |
78095 |
| 910 ## - DATOS DE OPCIÓN DEL USUARIO (OCLC) |
| Datos de opción del usuario |
MF |
| 942 ## - ELEMENTOS DE PUNTO DE ACCESO ADICIONAL (KOHA) |
| Fuente del sistema de clasificación o colocación |
Dewey Decimal Classification |
| Tipo de ítem Koha |
Libro |